000 00259nam a2200097Ia 4500
001 722063
005 20250826163304.0
008 250824s9999 xx 000 0 und d
245 0 _aGAZİ OSMAN PAŞA PLEVNE KAHRAMANI
_cİBRAHİM ÜNSAL
260 _bHAYAT YAYINLARI
999 _c722063
_d722063